Gaming Quiz

Random Gaming or Pokémon Quiz

Honest Pokemon (Gen2) v1.0 Quiz Stats

 Plays Quiz not verified by Sporcle

Challenge
Share
Tweet
Embed
Score 0/100 Timer 15:00
0 Plays Today
% Correct
Skiploom
63.6%
Croconaw
61.4%
Lanturn
61.4%
Espeon
61.4%
Remoraid
61.4%
Hoothoot
59.1%
Azumarill
59.1%
Heracross
59.1%
Phanpy
59.1%
Wobbuffet
56.8%
Ursaring
56.8%
Magcargo
56.8%
Celebi
54.5%
Ledyba
54.5%
Ariados
54.5%
Igglybuff
54.5%
Unown
54.5%
Teddiursa
54.5%
Octillery
54.5%
Ho-Oh
54.5%
Pichu
52.3%
Houndoom
52.3%
Sudowoodo
50%
Marill
47.7%
Slugma
47.7%
Murkrow
45.5%
Miltank
45.5%
Mareep
43.2%
Politoed
43.2%
Hitmontop
43.2%
Elekid
43.2%
Flaaffy
40.9%
Smeargle
40.9%
Totodile
38.6%
% Correct
Aipom
38.6%
Scizor
38.6%
Blissey
38.6%
Entei
38.6%
Chikorita
36.4%
Houndour
36.4%
Shuckle
34.1%
Delibird
34.1%
Kingdra
34.1%
Tyrogue
34.1%
Quilava
31.8%
Sentret
31.8%
Quagsire
31.8%
Granbull
31.8%
Mantine
31.8%
Bayleef
29.5%
Typhlosion
29.5%
Crobat
29.5%
Girafarig
29.5%
Forretress
29.5%
Donphan
29.5%
Cyndaquil
27.3%
Togetic
27.3%
Pineco
27.3%
Gligar
27.3%
Sneasel
27.3%
Smoochum
27.3%
Noctowl
25%
Cleffa
25%
Xatu
25%
Ampharos
25%
Qwilfish
25%
Corsola
25%
Skarmory
25%
% Correct
Porygon2
25%
Stantler
25%
Tyranitar
25%
Furret
22.7%
Ledian
22.7%
Chinchou
22.7%
Togepi
22.7%
Natu
22.7%
Yanma
22.7%
Misdreavus
22.7%
Piloswine
22.7%
Bellossom
20.5%
Jumpluff
20.5%
Sunflora
20.5%
Umbreon
20.5%
Snubbull
20.5%
Suicune
20.5%
Pupitar
20.5%
Lugia
20.5%
Meganium
18.2%
Hoppip
18.2%
Sunkern
18.2%
Wooper
18.2%
Steelix
18.2%
Swinub
18.2%
Feraligatr
15.9%
Spinarak
15.9%
Slowking
15.9%
Dunsparce
15.9%
Raikou
15.9%
Larvitar
15.9%
Magby
13.6%

You're not logged in!

Compare scores with friends on all Sporcle quizzes.
OR
Log In

You Might Also Like...

Show Comments

Extras

Created Dec 3, 2015ReportNominate
Tags:Pokémon Quiz

Top Quizzes Today


Score Distribution

Your Account Isn't Verified!

In order to create a playlist on Sporcle, you need to verify the email address you used during registration. Go to your Sporcle Settings to finish the process.

Report this User

Report this user for behavior that violates our Community Guidelines.

Details: